01904nam a2200241 u 45000010006000000050017000060080041000230350010000640410008000740820008000821000038000902450157001282600043002853000015003285050980003436500040013236500025013636500026013886500029014147000040014437000039014835000140015226593520260504071358.0960313s1991 ||||||m| spa  a65935 aspa 4a30510aOspina Ramirez, Rosalba4auteaut10aInfluencia de la cultura urbana en el proceso de descomposición y conservación de la cultura tradicional campesina en la zona rural de Aguas Frías aMedellín :b[sin publicador],c1991. a137 hojas. aCONTENIDO : Notas de aceptación. -- Introducción. -- Objetivos. -- Diseño metodológico utilizado en la investigación. -- Marco teórico. -- Presentación. -- Historia de la vereda Aguas Frías. -- 1: La educación y su relación con los cambio culturales en la vereda. -- 1.1: Educación: una institución que no colma las expectativas en aguas frías. -- 1.2: El grupo familiar en proceso de cambio. -- 2: La tradición religiosa en los habitantes de aguas frías. -- 2.1: Influencia del sacerdote en la permanencia de tradiciones y costumbres campesinas. -- 2.2: Una diferencia entre dos generaciones. -- 3: Vida cotidiana y utilización del tiempo libre en la población de Aguas Frías. -- 4: Decoración de las viviendas: una expresión de la cultura tradicional campesina en Aguas Frías. -- 5: Los gustos musicales como expresión de sentimientos en los habitantes de Aguas Frías. -- 6: Conclusiones. -- Lista de anexos. -- Bibliografía. aCampesinos - Aguas Frias (Medellin) 7aCultura urbana2lemb 7aCultura popular2lemb 7aSociología rural2lemb10aAlvarez Otalvaro, Orlando4auteaut10aZapata Montoya, Gardenia4auteaut aTesis (Maestria en Problemas Sociales Contemporaneos, Emergencias y Desastres ). Universidad de Antioquia - Título del grado otorgado